000 00715nam a2200229 a 4500
001 13876
003 BD-JhCC
005 20240428105642.0
008 240428b2017 bg |||| ||a| 000 0 b d
020 _a9789849178378
035 _a(BD-JhCC)13876
040 _aBD-JhCC
_dBD-JhCC
041 _aBengali
082 _a297
_bMAS 2017
100 _a মাসঊদ,মাওলানা ফরীদ উদ্দীন
245 _aসন্ত্রাস জঙ্গিবাদ ও ইসলাম /
_cমাওলানা ফরীদ উদ্দীন মাসঊদ।
260 _aঢাকা:
_bBPI;
_c2017.
300 _a88 p. :
_c22 cm.
651 _aIslamic
942 _2ddc
_cBK
999 _c13876
_d13876